Estudio de prefactibilidad de siembra y comercialización de Rosa de Jamaica en Finca Las Marías, León para el periodo 2012 - 2016
Presenta un estudio de prefactibilidad que permite predecir la rentabilidad de la puesta en marcha del proyecto de producción y comercialización de la Rosa de Jamaica, incluye estudio de mercado, estudio técnico y la evaluación financiera.
| Main Authors: | , , |
|---|---|
| Other Authors: | |
| Format: | Tesis Section = Libro |
| Language: | Undetermined Spanish |
| Published: |
Managua
UNI
2011
|
| Subjects: |
| LEADER | 01239nam a2200277Ia 4500 | ||
|---|---|---|---|
| 008 | 240830s9999 xx 000 0 und d | ||
| 040 | |a BIBLIOTECA-RUPAP Mon 658.404 G984 | ||
| 041 | |a spa | ||
| 082 | |a Mon 658.404 G984 | ||
| 100 | 1 | |a Gutiérrez Picado, Eriberto José | |
| 100 | 1 | |b Ordoñez Pineda, Andrés Eduardo | |
| 100 | 1 | |c Ramírez García, Rigoberto Cesar | |
| 245 | 1 | 0 | |a Estudio de prefactibilidad de siembra y comercialización de Rosa de Jamaica en Finca Las Marías, León para el periodo 2012 - 2016 |
| 260 | |a Managua |b UNI |c 2011 | ||
| 300 | |a 196 p. :il. | ||
| 500 | |a Contiene: anexos e Incluye: CD. | ||
| 502 | |a Tesis (Ingeniero Industrial)- UNI, 2011. | ||
| 520 | 3 | |a Presenta un estudio de prefactibilidad que permite predecir la rentabilidad de la puesta en marcha del proyecto de producción y comercialización de la Rosa de Jamaica, incluye estudio de mercado, estudio técnico y la evaluación financiera. | |
| 650 | 7 | |a ADMINISTRACION DE PROYECTOS - PRODUCTOS AGRICOLAS - ROSA DE JAMAICA | |
| 650 | 7 | |b ANALISIS DE MERCADO | |
| 650 | 7 | |c ESTUDIO TECNICO | |
| 650 | 7 | |d ANALISIS FINANCIERO | |
| 700 | 1 | |a Tutor: |b Chavarría González, Denis Róger | |
| 942 | |c BK |2 ddc | ||
| 991 | |a TESIS | ||
| 999 | |c 17353 | ||